000 00456nam a22001697a 4500
003 BD-ChCU
005 20260511145612.0
008 260511b bg ||||| |||| 00| 0 ben d
040 _cBD-ChCU
082 _a335.0942098 TSH
100 _aTsuzuki , Chushichi .
_922795
245 _aH.M. Hyndman and British socialism ./
_cChushichi , Tsuzuki .
260 _bO.U.P.
_cC 1961
300 _avi , 304p.
650 0 _aSocialism
_922796
942 _2ddc
_cBK
_n0
999 _c112883
_d112883